000 00633cam a2200241 a 4500
001 13678414
005 20180110070926.0
008 040805s2004 mau d 000 0 eng d
010 _a 2004301918
020 _a087779930X
035 _a(OCoLC)ocm55894521
040 _aJQW
_cJQW
_dDLC
041 _aeng
042 _alccopycat
080 _a423 web
082 0 0 _a423 web
_222
100 _a26
101 _aFJA
245 0 4 _aThe Merriam-Webster dictionary.
906 _a7
_bcbc
_ccopycat
_d2
_encip
_f20
_gy-gencatlg
942 _2ddc
_cBK
999 _c39981
_d39981